00632nam a2200169 i 450000100060000000300090000600500170001500700030003200800410003510000310007624500600010726001080016730000200027550501050029565000370040085200250043774302ES-MaACL20250903014224.0t|040917m19161945ag ||||1| spa d1 aGonzález Galé, José.10aMatemáticas financieras / cJosé González Galé. aBuenos Aires : bMoreno y Bolívar, c1916-45 (fM. A. Rosas, Tipografía del Boletín Matemático) a2 v. ; c28 cm.8 aContiene: 1ª Parte: Intereses y anualidades ciertas. -- 2ª Parte: Elementos de cálculo actuarial 7aMatemáticas financieras2embne aES-MaACLjG-13991-92